| 000 | 01244nam a22002297a 4500 | ||
|---|---|---|---|
| 005 | 20210325191742.0 | ||
| 008 | s2533 th tha d | ||
| 041 | _atha | ||
| 090 | _aว HF5548.115.E3 ว796ก 2533 | ||
| 100 | 0 | _aวิสูตร วรสง่าศิลป์ | |
| 245 | 1 | 0 | _aการพัฒนาโปรแกรมสำเร็จรูปสำหรับแก้ไขคำที่พิมพ์ผิด |
| 246 | _a\The \\program for concerning misspelled Thai words. | ||
| 260 | 3 |
_aกรุงเทพฯ : _bสำักงานคณะกรรมการวิจัยแห่งชาติ, _c2533 |
|
| 300 |
_a65 หน้า : _b ภาพประกอบ ; _c 29 ซม. |
||
| 650 | 0 | 4 | _aการพิมพ์อิเล็กทรอนิกส์ -- โปรแกรมคอมพิวเตอร์ -- วิจัย |
| 650 | 0 | 4 | _aการแก้ไขคำผิด -- โปรแกรมคอมพิวเตอร์ -- วิจัย |
| 700 | 0 | _aวิสูตร วรสง่าศิลป์ | |
| 850 | _aNALT | ||
| 942 | _cRSH | ||
| 997 |
_c000000000029439 _kVC |
||
| 998 | _aนางสาวสายฝน ดีงาม | ||
| 999 |
_c29439 _d29439 |
||